000 01007cab a2200313 4500
001 WB2907-42
008 090401t1993 xxu||||| |||| 00| 0 eng d
035 _a(Sirsi) u54636
041 _aeng
245 _aLeaseholders get big chance
260 _c1993
350 _a0
490 _aFinancial Times
_v12 February 1993, W16(3)
520 _aThe Housing and Urban Development Bill is due to receive Royal Assent Summer 1993. Highlights the plight of landowners facing the breakup of the great estates such as Grosvenor and Cadogan.
650 _aCADOGAN ESTATES
650 _aEXTENSION OF LEASE
650 _aFLATS
650 _aGROSVENOR ESTATES
650 _aHOUSING AND URBAN DEVELOPMENT BILL
650 _aLANDED ESTATES
650 _aLEASEHOLD ENFRANCHISEMENT
650 _aLONDON
650 _aTENANT DISCOVERY NOTICES
650 _aTENANTS PURCHASING NOTICES
650 _aVALUATIONS
690 _aLANDLORD AND TENANT-LEASEHOLD REFORM
942 _n0
948 _c04/03/1997
999 _c33499
_d33499